000 00528cam a22002172a 4500
001 014169
003 AR-FADEU
008 311216n1956####xxu####################dd
020 _a0-19-254132-3
092 _a821.7
_bK25k-2
100 _aKeats, John
245 _aKeats : poetical works
260 _aOxford
260 _bOxford university press
260 _c1956
300 _a477 p
440 _aStandard authors
650 _aLITERATURA INGLESA-SIGLO XIX; POESIA/REVISADO/
546 _ainglés
942 _cBDGR
999 _c19930
_d19930